Against the Grain George Orwell and Existentialism (Record no. 14958)

MARC details
000 -LEADER
fixed length control field 00636nam a2200241 a 4500
020 ## - INTERNATIONAL STANDARD BOOK NUMBER
ISBN 9788184352016
082 00 - DEWEY DECIMAL CLASSIFICATION NUMBER
Classification number 142
Author Cutter RAU
100 ## - MAIN ENTRY--AUTHOR NAME
Author name Raul, Karunakar
245 ## - TITLE STATEMENT
Title Against the Grain George Orwell and Existentialism
260 ## - PUBLICATION, DISTRIBUTION, ETC. (IMPRINT)
Place of publication New Delhi
Name of publisher Adhyayan Pubs. & Disbs.
Year of publication 2009
300 ## - PHYSICAL DESCRIPTION
Number of Pages 206p
500 ## - GENERAL NOTE
General note includes index and biblioraphy
505 2# - FORMATTED CONTENTS NOTE
Formatted contents note Bibliography, Index
650 ## - SUBJECT ADDED ENTRY--TOPICAL TERM
Topical Term English-Literature
942 ## - ADDED ENTRY ELEMENTS (KOHA)
Koha item type Books
700 1# -
-- Raul, Karunakar
Holdings
Collection code Home library Current library Date acquired Cost, normal purchase price Full call number Accession Number Koha item type
  Henry Martyn Institute Library Henry Martyn Institute Library 01/22/2010 550.00 142 RAU 023079 Books
                   Copyright © 2026 | Henry Martyn Institute | Hyderabad | TS-500052 | INDIA | Implemented by hmi.edu.in
Hit-Count:

Powered by Koha